Top 10 Cities by Ultra-Wealthy Population - Statistics

General Stats
  • This quiz has been taken 74 times
  • The average score is 8 of 10
Answer Stats
City UHNW pop. % Correct
Los Angeles 6,150
98%
New York City 10,435
98%
London 4,535
92%
Paris 4,670
89%
Tokyo 7,800
89%
Chicago 3,890
77%
San Francisco 3,410
62%
Hong Kong 9,950
58%
Washington DC 3,230
46%
Dallas 3,165
43%
No matching quizzes found
Score Distribution
Percent of People with Each Score
Percentile by Number Answered
Your Score History
You have not taken this quiz